000 00554nam a2200193Ia 4500
005 20260120125952.0
008 008 260114s9999 xx 000 0 eng d
020 _a9780190991272
037 _aEBOOK
040 _aCRL
_beng
_cCRL
041 _aeng
_2eng
084 _qCRL
100 _aMelidoro
_9909489
245 0 _aDealing with Diversity: A Study in Contemporary Liberalism
260 _bOUPOxford University Press
_c2020
856 _uhttp://dx.doi.org/10.1093/oso/9780190121136.001.0001
942 _cEBOOK
999 _c1501388
_d1501388